| 000 | 01261nam a2200265 4500 | ||
|---|---|---|---|
| 001 | 109701 | ||
| 003 | ES-MaACL | ||
| 005 | 20250902053548.0 | ||
| 007 | t| | ||
| 008 | 061121s1950 sp r ||||1| spa d | ||
| 100 | 1 |
_aMuntadas Rovira, Vicente. _984235 |
|
| 245 | 1 | 0 |
_aSobre participación de los trabajadores en los beneficios y dirección de las empresas _b: Opinión de un patrono católico / _cVicente Muntadas Rovira. |
| 250 | _a2a ed. | ||
| 260 |
_aBarcelona : _bAriel, _c1950. |
||
| 300 |
_a122 p. ; _c24 cm. |
||
| 510 |
_aCCPB, _c001422679-0. |
||
| 650 | 7 |
_2embne _aComités de empresa _9239939 |
|
| 650 | 4 |
_2embne _915852 _aParticipación de los trabajadores |
|
| 852 |
_aES-MaACL _jD-6512 _bR.31015 _bR.M.6103 _cSVI _fSello en tinta azul de la Biblioteca del Ateneo de Madrid. _gAnotación manuscrita a lápiz en cubierta: "17" _hSello en tinta azul: "Donativo del Excmo. Sr. D. Pedro Rocamora para la Biblioteca del Ateneo de Madrid". _z"15.JUN.1950" _9113857 |
||
| 903 |
_aRocamora, Pedro, _d1910-1993 _ednr _9156813 _q1 |
||
| 942 |
_2udc _cMONOGRAFIA |
||
| 999 |
_c109701 _d109701 |
||